000 00563nam a22001697a 4500
003 NUST
038 _aNusrat Nadeem
082 _a200
100 _aJahangir Sidrah
_9124214
245 _aDiagnostic and Prognostic Biomarkers of Rheumatoid Arthritis (RA) in Pakistani Population/
_cSidrah Jahangir
264 _aIslamabad;
_bASAB NUST;
_c2022.
300 _a296,p;
_bill;
_c30,cm.
650 _aPhD-Applied Biosciences
_9123210
700 _aSupervisor:Dr Peter John
_9123944
856 _u http://10.250.8.41:8080/xmlui/handle/123456789/31872
942 _2ddc
_cSC
999 _c610144
_d610144